Význam a úloha sociálnych médií v procese riadenia on-line reputácie
Proces riadenia dobrého mena na internete. Online platformy, ktoré sú k dispozícii na budovanie dobrej povesti. Použitie online platforiem v organizáciách v 28 krajinách Európskej únie.
Salvato in:
| Autore principale: | |
|---|---|
| Natura: | Capitolo di libro |
| Lingua: | slovacco |
| Soggetti: | |
| Tags: |
Nessun Tag, puoi essere il primo ad aggiungerne!!
|
MARC
| LEADER | 00000nla a2200000 4500 | ||
|---|---|---|---|
| 001 | 0246504 | ||
| 005 | 20240502073945.7 | ||
| 041 | 0 | |a slo | |
| 044 | |a SK | ||
| 245 | 1 | 0 | |a Význam a úloha sociálnych médií v procese riadenia on-line reputácie |c Mária Kozáková |
| 520 | |a Proces riadenia dobrého mena na internete. Online platformy, ktoré sú k dispozícii na budovanie dobrej povesti. Použitie online platforiem v organizáciách v 28 krajinách Európskej únie. | ||
| 610 | 2 | 0 | |a systém on-line |
| 610 | 2 | 0 | |a budovanie značky |
| 610 | 2 | 0 | |a Európske spoločenstvá |
| 610 | 2 | 0 | |a Európska únia |
| 610 | 2 | 0 | |a podnik |
| 610 | 2 | 0 | |a imidž |
| 610 | 2 | 0 | |a reputácia podniku |
| 610 | 2 | 0 | |a siete sociálne |
| 610 | 2 | 0 | |a marketing elektronický |
| 100 | 1 | |a Kozáková, Mária, 1991- | |